Arizona Head Basketball Coaches by Picture - Statistics

General Stats
  • This quiz has been taken 4 times
  • The average score is 5 of 12
Answer Stats
Picture Hint Answer % Correct
1983-2007 Lute Olson
100%
2009-2021 Sean Miller
100%
2021-Present Tommy Lloyd
75%
2007-2008 Kevin O'Neill
50%
1982-1983 Ben Lindsey
25%
1961-1972 Bruce Larson
25%
1911-1912 Frank L. Kleeberger
25%
1925-1961 Fred Enke
25%
1972-1982 Fred Snowden
25%
1914-1921 Pop McKale
25%
1912-1914 Raymond L. Quigley
25%
2008-2009 Russ Pennell
25%
No matching quizzes found
Score Distribution
Percent of People with Each Score
Percentile by Number Answered
Your Score History
You have not taken this quiz